00677nam a2200193 i 450000100060000000300090000600500170001500700030003200800410003510000290007624501020010526000300020730000210023770000200025870000340027885200320031299900170034495201220036152436ES-MaACL20230906162600.0t|030829s1973 sp ||||1| spa d1 aChazaud, Jacques.93829110aManual de psicología del niño / cJ. Chazaud y P. Bray ; versión por José Gisbert Alós. aAlcoy : bMarfil, c1973. a92 p. ; c18 cm.1 aBray, P.9315221 aGisbert Alos, José.9202290 aES-MaACLjC-54980 bR.87658 c52436d52436 00104070aATENEOMbATENEOMcDEPO2d2008-01-17eSCl0oC-54980p1055118r2023-02-23 00:00:00w2023-02-23yMONOGRAFIA